| 000 | 00519nam a2200181Ia 4500 | ||
|---|---|---|---|
| 005 | 20250923144459.0 | ||
| 008 | 008 250917s9999 xx 000 0 eng d | ||
| 037 | _aTextual | ||
| 040 |
_aDSWL _beng _cDSWL |
||
| 041 |
_aeng _2eng |
||
| 084 | _qDSWL | ||
| 100 |
_aMehdiratta, B.M. _9825319 |
||
| 245 | 0 |
_aWorking & living condition of 75 workers in the hoisery industry at Ludhiana _cby B.M. Mehdiratta |
|
| 260 |
_aLudhianq _c1953 |
||
| 300 | _a57p. | ||
| 942 | _cTEXL | ||
| 999 |
_c1439423 _d1439423 |
||